| 000 | 00848cam a2200313 4500500 | ||
|---|---|---|---|
| 005 | 20260405002943.0 | ||
| 041 | _afre | ||
| 042 | _adc | ||
| 100 | 1 | 0 |
_aGastineau, Nicolas _eauthor |
| 245 | 0 | 0 | _aRepérages / Octobre 2019 |
| 260 | _c2019. | ||
| 500 | _a54 | ||
| 690 | _aAlexandre Koyré | ||
| 690 | _aCarte | ||
| 690 | _aClimat | ||
| 690 | _aCondition humaine | ||
| 690 | _aFini | ||
| 690 | _aFrançois-Xavier Bellamy | ||
| 690 | _aGlenn Albrecht | ||
| 690 | _aHannah Arendt | ||
| 690 | _aInfini | ||
| 690 | _aKarl Marx | ||
| 690 | _aOr | ||
| 690 | _aPablo Carlos Budassi | ||
| 690 | _aSolastalgie | ||
| 690 | _aUnivers | ||
| 786 | 0 | _nPhilosophie magazine | 133 | 10 | 2019-10-01 | p. 8-9 | 1951-1787 | |
| 856 | 4 | 1 | _uhttps://shs.cairn.info/magazine-philosophie-magazine-2019-10-page-8?lang=fr&redirect-ssocas=7080 |
| 999 |
_c2062890 _d2062890 |
||